Les 22 titulaires de Paris Saint Germain 5-0 Inter Milan. - Statistiques

Statistiques générales
  • Ce quiz a été pris 136 fois
  • Le résultat moyen est 18 sur 22
Statistiques - réponses
Poste Joueur % Correct
DC Marquinhos
99%
G Donnarumma
98%
AD Doue
98%
BU Dembele
97%
MC Vitinha
96%
DG Hakimi
95%
DD Nuno Mendes
95%
AG Kvaratskhelia
94%
DC Pacho
92%
MC Fabian Ruiz
91%
MC Joao Neves
91%
G Sommer
85%
BU Martinez
84%
BU Thuram
84%
DLG Dimarco
77%
DLD Dumfries
75%
MC Barella
72%
DC Bastoni
68%
DC Acerbi
67%
DC Pavard
64%
MC Calhanoglu
59%
MC Mkhitaryan
50%
Aucun quiz correspondant
Distribution des résultats
% des personnes avec chaque résultat
Percentile par nombre de réponses
Votre historique - résultats
Vous n’avez pas pris ce quiz